000 01567nam a2200289Ia 4500
003 OSt
005 20201028195326.0
008 191128s2016 ck a gr 000 0 spa d
020 _a160738017X
040 _aCO-JMCR
_cCO-JMCR
041 1 _aspa
_heng
082 0 4 _a658.4092 /
_bP363r
_223
100 1 _aPease, Allan,
_eautor
_912147
245 1 3 _aLa respuesta está en las preguntas :
_bobtenga resultados positivos con todos los prospectos de su negocio en red /
_cAllan Pease ; [traducción y corrección de estilo, Diana Catalina Hernández]
250 _aPrimera edición
260 _aBogotá :
_bTaller del Éxito,
_c2016
300 _a166 páginas :
_bilustraciones a blanco y negro ;
_c22 cm.
500 _a "Más de un millón de ejemplares vendidos en 27 idiomas"--Tapa
505 0 _aEl primer paso -- Cómo conseguir el "sí" -- 6 habilidades estratégicas para hacer presentaciones impactantes -- 6 fabulosas técnicas para causar una impresión positiva -- Lenguaje corporal: Cómo leerlo -- Lenguaje corporal positivo
520 3 _a"La respuesta está en las preguntas" es un libro transformador y revelador, escrito en lenguaje sencillo, ameno y fácil de entender: le aporta al lector dos elementos fundamentales: un sistema revolucionario para conseguir un "SÍ"
534 _pTítulo original: Questions are the answers
546 _aTraducido del inglés
650 1 4 _aÉxito en los negocios
_9605
650 2 4 _aAptitud creadora en los negocios
_95746
700 _aHernández, Diana Catalina,
_etraductora
_912148
942 _2ddc
_cBK
999 _c4274
_d4274